• 首页
  • 本馆介绍
  • 公告通知
  • 最新文献
  • 馆藏检索
  • 电子资源
  • 读者导购
  • 参考咨询
  • 我的图书馆
  • 登录
  • 详细信息显示
  • 放入我的书架
  • 预约/预借图书
  • 作者相关作品
  • 分类相关作品
  • 丛书相关作品
  • 出版社相关作品

书目信息

  • 表格格式
  • 工作单格式
  • 卡片格式
题名:
勃列日涅夫的力量和弱点
    
 
作者: 阿夫托尔哈诺夫 著 ;杨春华 , 张道庆 译
分册:  
出版信息: 北京   新华出版社  1981
页数: 232页
开本: 21cm
丛书名:
单 册:
中图分类: D751.209 , D751.2
科图分类:
主题词: 政治--概况--苏联 , 政治
电子资源:
ISBN:
000 00880nam0 2200301 45
001 0181002355
005 20040425084602.8
010    @dCNY0.71
091    @a3203.005
100    @a19950602d1981 em y0chiy0121 ea
101 1  @achi@crus
102    @aCN@b110000
105    @ay z 000yy
106    @ar
200 10 @a勃列日涅夫的力量和弱点@Abo lie ri nie fu de li liang he ruo dian@f(苏)A.阿夫托尔哈诺夫著@g杨春华,张道庆译
210    @a北京@c新华出版社@d1981
215    @a232页@d21cm
600  1 @a勃列日涅夫@bL.I.@x人物研究
606    @a政治@x概况@y苏联
606 0  @a政治
690    @aD751.209@v3
690    @aD751.2
701  1 @a阿夫托尔哈诺夫@Aa fu tuo er ha nuo fu@bA.@4著
702  0 @a杨春华@Ayang chun hua@4译
702  0 @a张道庆@Azhang dao qing@4译
801  0 @aCN@b上海图书馆@c20040425
801  2 @aCN@bNLC@c20040425
905    @f2@b57730-731@dD751.2@e29
    
    勃列日涅夫的力量和弱点/(苏)A.阿夫托尔哈诺夫著/杨春华,张道庆译.-北京:新华出版社,1981
    232页;21cm
    
    
    ISBN :CNY0.71
    
●
相关链接 在E读中查询图书 在五车中查询图书 在当当中查询图书 在豆瓣中查询图书


正题名:勃列日涅夫的力量和弱点     索取号:D751.2/29         预约/预借

序号 登录号 条形码 馆藏地/架位号 状态 备注
1 0057729   001753677   密集书库/ [索取号:D751.2/29] 在馆    
2 0057730   001015617   第一借阅区/ [索取号:D751.2/29] 在馆    
3 0057731   001015626   第一样本阅览室/ [索取号:D751.2/29] 在馆    
4 0229531   001802589   密集书库/ [索取号:D751.2/29] 在馆    
5 0229532   001802543   密集书库/ [索取号:D751.2/29] 在馆    
6 0229533   001802507   密集书库/ [索取号:D751.2/29] 在馆    
唐山师范学院图书馆 欢迎您!
大连网信软件有限公司© 版权所有